000 01216nam a22003497a 4500
003 CHAP
005 20220329135942.0
008 971013s1970 r 00010 d
010 _a44605
011 _a45577
035 _a49716
040 _cCHAP
090 _aFolleto 3493
110 _aMéxico. INIA. Centro de Investigaciones Agrícolas del Noreste
_977069
245 _aDemostración agrícola
_b: cultivos de invierno
260 _aTorreón, Coah. :
_bEl Instituto,
_c1970
300 _a24 h.
590 _aBATCH-UPD
_b10
_c20130110
_lUCH01
_h0021
590 _aBATCH-UPD
_b10
_c20130110
_lUCH01
_h1122
590 _aBATCH-UPD
_b10
_c20130410
_lUCH01
_h0712
590 _aBATCH-UPD
_b10
_c20130914
_lUCH01
_h0054
590 _aCONVERSION
_b10
_c20130109
_lUCH01
_h1324
650 1 4 _aAgricultura
_xComarca Lagunera.
_91371
650 1 4 _aCultivos
_xComarca Lagunera.
_930242
650 1 4 _aDemostración agrícola.
_931750
650 1 4 _aPlantas forrajeras
_xComarca Lagunera.
_988952
901 _aBK
942 _cFOLL
949 _aFolleto 3493
_bBC
_cFOLL
_d-112056
_eTS1
_i49716
_si
949 _aFolleto 3493
_bBC
_cFOLL
_d-112057
_eTS2
_fc.2
_i49716
_si
949 _aFolleto 3493
_bBC
_cFOLL
_d-112058
_eTS2
_fc.3
_i49716
_si
999 _c44605
_d44605